000 00566cam a2200193 4500
001 X104507
008 000000n2000 000 0 eng u
035 _a(Sirsi) u104507
100 _aCole, T.
245 _aLegal implications of doing e-business
260 _c2000
490 _aConstruction News
_v(6654) 24 February 2000 23(1)
520 _aExplains the legal implications of information sent electronically as opposed to paper documents.
650 _aINTERNET
650 _aE-MAIL
650 _aCIVIL EVIDENCE ACT 1995
690 _aLAW
942 _n0
999 _c62708
_d62708